مير ا نيس سے تعا ر ف (Record no. 171082)

MARC details
000 -LEADER
fixed length control field 00620nam a22001937a 4500
005 - DATE AND TIME OF LATEST TRANSACTION
control field 20200106130732.0
010 ## - LCCN (DPL NO)
LC control number 790478
020 ## - INTERNATIONAL STANDARD BOOK NUMBER
Terms of availability 7.00
International Standard Book Number -
035 ## - SYSTEM CONTROL NUMBER
System control number 790478
037 ## - SOURCE OF ACQUISITION
Source of stock number/acquisition DBAD/PUB
Stock number -
082 ## - DEWEY DECIMAL CLASSIFICATION NUMBER
Classification number 841.08
100 ## - MAIN ENTRY--PERSONAL NAME
Personal name صا لحہ عا بد حسين
245 ## - TITLE STATEMENT
Title مير ا نيس سے تعا ر ف
Statement of responsibility, etc صا لحہ عا بد حسين
246 ## - VARYING FORM OF TITLE
Remainder of title Meer Anees Se Taaruf (Urdu)
Title proper/short title by Saleha Aabid Hussain
260 ## - PUBLICATION, DISTRIBUTION, ETC. (IMPRINT)
Place of publication, distribution, etc Delhi
Name of publisher, distributor, etc Maktaba Jamia Ltd.
Date of publication, distribution, etc 1975 ء
270 ## - ADDRESS
Address Urdu Bazar Jama Masjid,
City Delhi
Postal code 6
Telephone number -
Fax number -
300 ## - PHYSICAL DESCRIPTION
Extent 104 ص
Dimensions 22 Cm(Hb)
942 ## - ADDED ENTRY ELEMENTS (KOHA)
Source of classification or shelving scheme Dewey Decimal Classification
Item type Urdu Bks
Classification part 841.08
Call number suffix ص ا ل
Holdings
Withdrawn status Lost status Not for loan Collection code Home library Current library Date acquired Source of acquisition Cost, normal purchase price Full call number Barcode Copy number Cost, replacement price Koha item type
      Non-fiction Central Library Central Library 06/01/2020 BPPD/Ven. 7.00 841.08 ص ا ل 790478 1 7.00 Urdu Bks

© Delhi Public Library
Hit Counter
free hit counter